000 00572nam a2200205Ia 4500
005 20240510111948.0
008 131103s9999 xx 000 0 und d
020 _a0 19 562114 X
040 _aLoreto College
041 _aEnglish
082 _a428
_bHOR
100 _aHorsburgh, David
245 _aTeacher's book for modern english reader and workbook 7
_cDavid Horsburgh & Nicholas Horsburgh
260 _aDelhi
_bOxford University Press
_c1993
300 _a74p
650 _aEnglish reader
700 _aHorsburgh, Nicholas
850 _aLCBED
942 _cBK
999 _c30410
_d80889